[Event "Eliteserien 2013 - 14"]
[Site "Oslo"]
[Date "2013.11.01"]
[Round "1"]
[White "Ådnøy, Hallvard V"]
[Black "Sævareid, Ove"]
[Result "1/2-1/2"]
[WhiteElo "2263"]
[BlackElo "2162"]
[PlyCount "81"]
[EventDate "2013.??.??"]

1. e4 e5 2. Nf3 Nc6 3. Bb5 a6 4. Ba4 Nf6 5. d3 d6 6. O-O b5 7. Bb3 Na5 8. Re1
Nxb3 9. axb3 Be7 10. d4 exd4 11. Nxd4 Bd7 12. Qf3 O-O 13. Nf5 Re8 14. Bg5 Bxf5
15. Qxf5 Nd7 16. Bxe7 Qxe7 17. Nc3 c6 18. Re3 Qe6 19. Qf3 Qe5 20. Rae1 Qc5 21.
Qe2 Re6 22. Qd2 Rae8 23. R1e2 h6 24. g3 Ne5 25. h3 a5 26. Kg2 Nd7 27. Nd1 b4
28. f3 Nf6 29. Nf2 Qb5 30. Nd3 d5 31. Nf4 Re5 32. exd5 Rxe3 33. Rxe3 Rxe3 34.
Qxe3 cxd5 35. Qd4 Qc6 36. c3 bxc3 37. bxc3 Qb5 38. Qa4 Qc5 39. Qd4 Qb5 40. Qd1
Qc5 41. Qd2
1/2-1/2

[Event "Eliteserien 2013 - 14"]
[Site "Oslo"]
[Date "2013.11.01"]
[Round "1"]
[White "Andersen, Alf Roger"]
[Black "Haugli, Petter"]
[Result "1-0"]
[WhiteElo "2205"]
[BlackElo "2293"]
[PlyCount "91"]
[EventDate "2013.??.??"]

1. e4 c5 2. f4 d5 3. exd5 Nf6 4. b3 Nxd5 5. Bb2 Nc6 6. Bb5 Bd7 7. Nf3 Nxf4 8.
O-O e6 9. g3 Ng6 10. Na3 Qb6 11. Bc4 f6 12. Qe2 e5 13. Nb5 O-O-O 14. a4 Bg4 15.
a5 Nxa5 16. Bc3 Nc6 17. Nxa7+ Nxa7 18. Ba5 Qd6 19. Bxd8 Nc6 20. Ra8+ Kd7 21.
Bb6 Be7 22. Rxh8 Nxh8 23. Qe4 f5 24. Qd5 Qxd5 25. Bxd5 e4 26. Ne1 Ng6 27. Bxc6+
Kxc6 28. Ba5 Bf6 29. Bc3 Bxc3 30. dxc3 Ne5 31. Ng2 g6 32. Ne3 Bh5 33. h3 Bf3
34. Kf2 h5 35. h4 Bg4 36. Ra1 Nf3 37. Ra8 Bh3 38. Rg8 Ne5 39. Re8 Kd6 40. Nc4+
Nxc4 41. bxc4 Bg4 42. Ke3 b6 43. Kf4 Kd7 44. Rg8 Kd6 45. Rxg6+ Kc7 46. Rxg4
1-0

[Event "Eliteserien 2013 - 14"]
[Site "Oslo"]
[Date "2013.11.01"]
[Round "1"]
[White "Valaker, Ole Johan"]
[Black "Andersen, Lars Even"]
[Result "0-1"]
[WhiteElo "2184"]
[BlackElo "2297"]
[PlyCount "74"]
[EventDate "2013.??.??"]

1. d4 d5 2. Nf3 Nf6 3. c4 c6 4. Nc3 dxc4 5. a4 Na6 6. e4 Be6 7. a5 g6 8. Qa4
Bg7 9. Bxc4 Bxc4 10. Qxc4 O-O 11. O-O Nc7 12. Rd1 a6 13. d5 cxd5 14. exd5 Nce8
15. Bf4 Nd6 16. Qb4 Rc8 17. Bxd6 Qxd6 18. Qxb7 Rb8 19. Qc6 Rxb2 20. Na4 Rb5 21.
Nb6 Nxd5 22. Qxd6 exd6 23. Nxd5 Bxa1 24. Ne7+ Kg7 25. Rxa1 Re8 26. Nc6 Rc8 27.
Ncd4 Rxa5 28. Re1 Rac5 29. g4 Rc1 30. Kf1 a5 31. Ke2 Re8+ 32. Kd2 Rcxe1 33.
Nxe1 Re4 34. Nef3 Rxg4 35. Nb5 Rb4 36. Nxd6 a4 37. Kc2 a3
0-1

[Event "Eliteserien 2013 - 14"]
[Site "Oslo"]
[Date "2013.11.01"]
[Round "1"]
[White "Andreassen, Pål"]
[Black "Stubberud, Ørnulf"]
[Result "0-1"]
[WhiteElo "2125"]
[BlackElo "2322"]
[PlyCount "86"]
[EventDate "2013.??.??"]

1. e4 d6 2. d4 Nf6 3. f3 g6 4. Nc3 c6 5. Be3 Nbd7 6. Nge2 b5 7. Qd2 Nb6 8. b3
Bg7 9. Bh6 O-O 10. h4 e5 11. g4 Qe7 12. dxe5 dxe5 13. Bxg7 Kxg7 14. Ng3 Rd8 15.
Bd3 Ng8 16. h5 Nc4 17. Qc1 Na3 18. Qb2 b4 19. Nce2 c5 20. Nf4 Bb7 21. hxg6 hxg6
22. Nd5 Bxd5 23. exd5 Qg5 24. Be4 Nb5 25. Ne2 Nf6 26. Rf1 Nd6 27. c4 bxc3 28.
Nxc3 Qe3+ 29. Ne2 Ndxe4 30. fxe4 Nxg4 31. Qc1 Qxe4 32. Qxc5 Rxd5 33. Qe7 Rf8
34. Rc1 Qd3 35. Qg5 Rc8 36. Ra1 Qe4 37. Qe7 Rf8 38. Rc1 Qe3 39. Qb4 Rd4 40. Qa5
Re4 41. Rc2 Qg3+ 42. Kd2 Rxe2+ 43. Kxe2 Qg2+
0-1

[Event "Eliteserien 2013 - 14"]
[Site "Oslo"]
[Date "2013.11.01"]
[Round "1"]
[White "Kjølberg, Jens Hjorth"]
[Black "Aulin-Jansson, Jøran"]
[Result "1/2-1/2"]
[WhiteElo "1984"]
[BlackElo "2232"]
[PlyCount "116"]
[EventDate "2013.??.??"]

1. e4 c6 2. Nf3 d5 3. Nc3 dxe4 4. Nxe4 Nf6 5. Nxf6+ exf6 6. d4 Bd6 7. Be2 O-O
8. O-O Nd7 9. c4 Re8 10. Qc2 Nf8 11. Be3 Bg4 12. h3 Bh5 13. Rfd1 Rc8 14. Qb3
Re7 15. d5 c5 16. Qc2 g5 17. Nh2 Bg6 18. Bd3 Qc7 19. Ng4 Nd7 20. Nh6+ Kg7 21.
Nf5+ Bxf5 22. Bxf5 h6 23. Rac1 Rce8 24. b4 cxb4 25. Bxd7 Qxd7 26. c5 Rxe3 27.
fxe3 Rc8 28. c6 Qe7 29. Qd3 Qe5 30. cxb7 Re8 31. e4 Re7 32. b8=Q Bxb8 33. d6
Rd7 34. Rc6 a5 35. Qd5 a4 36. Qxe5 fxe5 37. Kf1 b3 38. axb3 axb3 39. Rb6 Ba7
40. Rxb3 Bd4 41. Ke2 Rxd6 42. Rb7 Kg6 43. Rf1 f6 44. Rd1 f5 45. Kf3 f4 46. Rb3
Rc6 47. Rbd3 h5 48. g3 Rf6 49. g4 Rc6 50. R1d2 Rc7 51. Ra3 Rc6 52. Rad3 Ra6 53.
Rd1 hxg4+ 54. Kxg4 Ra2 55. R1d2 Ra1 56. Rd1 Ra2 57. R1d2 Ra1 58. Rd1 Ra2
1/2-1/2

[Event "Eliteserien 2013 - 14"]
[Site "Oslo"]
[Date "2013.11.01"]
[Round "1"]
[White "Tisdall, Jonathan"]
[Black "Bae, Torstein"]
[Result "1/2-1/2"]
[WhiteElo "2430"]
[BlackElo "2442"]
[PlyCount "80"]
[EventDate "2013.??.??"]

1. c4 e5 2. Nc3 Nc6 3. g3 f5 4. Bg2 Nf6 5. d3 Bb4 6. Bd2 O-O 7. a3 Bxc3 8. Bxc3
d6 9. b4 f4 10. Nf3 Qe8 11. gxf4 Nh5 12. fxe5 Nf4 13. Rg1 Bg4 14. Bh1 Qh5 15.
Qd2 dxe5 16. O-O-O Nxe2+ 17. Qxe2 Bxf3 18. Bxf3 Qxf3 19. Qxf3 Rxf3 20. Rd2 Rd8
21. Kc2 Kf7 22. Rg3 Rf5 23. Re2 Nd4+ 24. Bxd4 Rxd4 25. Kc3 Rdf4 26. Rge3 Kf6
27. Rh3 h6 28. Rhe3 Rh4 29. h3 Rfh5 30. Rf3+ Rf5 31. Rfe3 c6 32. a4 Rfh5 33.
Rf3+ Rf5 34. Rfe3 Rhf4 35. b5 c5 36. a5 Rf3 37. a6 b6 38. Kd2 Rxe3 39. fxe3 Rf3
40. Rh2 Ke7
1/2-1/2

[Event "Eliteserien 2013 - 14"]
[Site "Oslo"]
[Date "2013.11.01"]
[Round "1"]
[White "Ekeberg, Carl Fr."]
[Black "Bjerke, Silje"]
[Result "1/2-1/2"]
[WhiteElo "2274"]
[BlackElo "2210"]
[PlyCount "60"]
[EventDate "2013.??.??"]

1. c4 e5 2. g3 Nc6 3. Bg2 f5 4. Nc3 Nf6 5. d3 Bb4 6. Bd2 O-O 7. a3 Bxc3 8. Bxc3
d6 9. Nf3 Qe8 10. O-O Qh5 11. e3 f4 12. exf4 exf4 13. Nd2 Bg4 14. f3 Bd7 15.
Rf2 Rae8 16. Ne4 Nxe4 17. dxe4 Be6 18. b3 Ne5 19. g4 Qf7 20. Bxe5 dxe5 21. Rd2
Qe7 22. Raa2 Rd8 23. a4 Qc5+ 24. Kh1 Rd4 25. Rxd4 exd4 26. Rd2 Rd8 27. h4 Qe5
28. Bf1 c5 29. Bd3 Rf8 30. Rh2 Rf6
1/2-1/2

[Event "Eliteserien 2013 - 14"]
[Site "Oslo"]
[Date "2013.11.01"]
[Round "1"]
[White "Christiansen, Johan-Sebastian"]
[Black "Borchgrevink, Harald B"]
[Result "0-1"]
[WhiteElo "2062"]
[BlackElo "2280"]
[PlyCount "100"]
[EventDate "2013.??.??"]

1. c4 e6 2. g3 Nf6 3. Bg2 d5 4. Nf3 Be7 5. O-O O-O 6. b3 d4 7. e3 c5 8. Bb2 Nc6
9. exd4 cxd4 10. Re1 Re8 11. d3 Bf8 12. Na3 e5 13. Nc2 a5 14. Rb1 Bf5 15. a3 h6
16. Qd2 Rb8 17. b4 axb4 18. Nxb4 Qd6 19. Ba1 Nd7 20. Nh4 Bh7 21. Be4 Bxe4 22.
dxe4 g6 23. Rec1 Nc5 24. Qe2 Ra8 25. Bb2 Nb3 26. Nd5 Nxc1 27. Bxc1 Ra7 28. Qf3
Re6 29. g4 Qd8 30. Ng2 Bg7 31. Qh3 g5 32. Qb3 Bf8 33. h4 Na5 34. Qb5 gxh4 35.
f4 h3 36. f5 Rc6 37. Ne1 Qh4 38. Bd2 Qg3+ 39. Kh1 Nxc4 40. Nf6+ Rxf6 41. Qxc4
Rxa3 42. Qe2 Rc6 43. Rd1 b5 44. Rb1 b4 45. Rd1 b3 46. Rb1 b2 47. Rxb2 Ra1 48.
Qf1 Rcc1 49. Bxc1 Rxc1 50. Re2 Bb4
0-1

[Event "Eliteserien 2013 - 14"]
[Site "Oslo"]
[Date "2013.11.01"]
[Round "1"]
[White "Stray, Gunnar"]
[Black "Briseid, Håkon"]
[Result "0-1"]
[WhiteElo "2050"]
[BlackElo "2143"]
[PlyCount "86"]
[EventDate "2013.??.??"]

1. d4 Nf6 2. Nf3 d5 3. g3 Bg4 4. Bg2 e6 5. Bf4 Bd6 6. Ne5 Bf5 7. Nd2 Nh5 8. e3
Nxf4 9. gxf4 Nd7 10. c4 c6 11. c5 Bc7 12. Qb3 Rb8 13. Qa3 a5 14. Rc1 O-O 15.
O-O f6 16. Nxd7 Qxd7 17. Qc3 Rbe8 18. f3 e5 19. dxe5 fxe5 20. e4 d4 21. Qc2 Be6
22. f5 Bf7 23. b3 Qe7 24. Kh1 Bd8 25. Rg1 Qh4 26. Bf1 Bg5 27. Rg4 Qh6 28. Rd1
Bh5 29. Rg3 Bf4 30. Rh3 g6 31. Nc4 gxf5 32. Nd6 fxe4 33. Qxe4 Re7 34. Bc4+ Kh8
35. Rg1 Bg6 36. Rxh6 Bxe4 37. Rh3 Bd5 38. Bd3 Be3 39. Rgg3 Bf2 40. Nf5 Ref7 41.
Rg2 Be1 42. Re2 Rxf5 43. Rxe1 Rxf3
0-1

[Event "Eliteserien 2013 - 14"]
[Site "Oslo"]
[Date "2013.11.01"]
[Round "1"]
[White "Byklum, Bjørnar"]
[Black "Johannessen, Leif E"]
[Result "1/2-1/2"]
[WhiteElo "2296"]
[BlackElo "2521"]
[PlyCount "109"]
[EventDate "2013.??.??"]

1. d4 Nf6 2. c4 e6 3. Nc3 Bb4 4. e3 O-O 5. Bd3 d5 6. Nf3 b6 7. a3 Bxc3+ 8. bxc3
Ba6 9. cxd5 exd5 10. Bxa6 Nxa6 11. Qd3 Qc8 12. a4 c5 13. Ba3 Re8 14. O-O Ne4
15. Rac1 c4 16. Qc2 Re6 17. Rce1 Qb7 18. Bc1 Rae8 19. Re2 Nc7 20. Nd2 g6 21.
Rfe1 Nxd2 22. Bxd2 Qc6 23. g4 Rf8 24. e4 dxe4 25. Rxe4 Rfe8 26. f3 Nd5 27. Rxe6
Rxe6 28. Rxe6 Qxe6 29. Qe4 Qd7 30. h3 f6 31. Kg2 Kf7 32. Kg3 a5 33. h4 b5 34.
axb5 Qxb5 35. f4 Qd7 36. h5 a4 37. hxg6+ hxg6 38. f5 gxf5 39. gxf5 Ne7 40. Qe2
Nxf5+ 41. Kf4 Nd6 42. Qh5+ Ke7 43. Bc1 Nb5 44. Qh7+ Kd6 45. Qg8 Qe6 46. Qd8+
Qd7 47. Qg8 Qh3 48. Qd8+ Kc6 49. d5+ Kb7 50. Qe7+ Ka6 51. Qxf6+ Ka5 52. Qd8+
Ka6 53. Qf6+ Ka5 54. Qd8+ Ka6 55. Qf6+
1/2-1/2

[Event "Eliteserien 2013 - 14"]
[Site "Oslo"]
[Date "2013.11.01"]
[Round "1"]
[White "Elsness, Frode"]
[Black "Hole, Øystein"]
[Result "1-0"]
[WhiteElo "2483"]
[BlackElo "2367"]
[PlyCount "227"]
[EventDate "2013.??.??"]

1. c4 c6 2. Nf3 d5 3. g3 Nf6 4. Bg2 dxc4 5. O-O Nbd7 6. Na3 Nb6 7. Qc2 g6 8.
Nxc4 Nxc4 9. Qxc4 Bg7 10. d3 O-O 11. Bd2 Nd5 12. Rab1 a5 13. Rfd1 Qd6 14. Ng5
h6 15. Ne4 Qe5 16. Qc1 Kh7 17. e3 f5 18. d4 Qb8 19. Nc5 Qd6 20. Qc2 b6 21. Na4
Bd7 22. b3 Rab8 23. Be1 Rfc8 24. Qe2 Be8 25. Nb2 Nb4 26. Nc4 Qc7 27. e4 e6 28.
a3 Na6 29. Nxa5 bxa5 30. Qxa6 Qd6 31. Qc4 Qxa3 32. Qxe6 fxe4 33. Bxe4 Rc7 34.
Bc2 Bf7 35. Qg4 Rb5 36. Bc3 Qd6 37. h4 Rcb7 38. h5 Rg5 39. Qf3 Kg8 40. hxg6
Bxg6 41. Bxg6 Qxg6 42. Re1 Rd5 43. Re4 Rf7 44. Qe3 Rdf5 45. Be1 Rf3 46. Re8+
Kh7 47. Qe4 Qxe4 48. Rxe4 Rd3 49. Re3 Rxd4 50. Bxa5 Rd5 51. Bc3 Bf8 52. b4 Rb5
53. Rb2 Rfb7 54. Rd2 Rd5 55. Rxd5 cxd5 56. Re1 Kg6 57. Kg2 Rc7 58. Re6+ Kh7 59.
Be5 Rb7 60. Bf4 Rxb4 61. Re8 Bg7 62. Rd8 d4 63. Rd7 Kg8 64. Rd6 Kh7 65. Kf3 Rb2
66. Rd7 Kg6 67. Rd6+ Kh7 68. g4 Ra2 69. Rd7 Kg6 70. Rd6+ Kh7 71. Bg3 Ra5 72.
Bf4 Ra2 73. Kg3 Rb2 74. Rd7 Kg8 75. Kf3 Ra2 76. Bg3 Ra5 77. Bh4 Rb5 78. Kf4 Ra5
79. Ke4 Re5+ 80. Kf4 Ra5 81. Bd8 Ra2 82. f3 Ra3 83. Bb6 Rd3 84. Bc5 Kh8 85. Be7
Kg8 86. Bh4 Kh8 87. Kg3 Be5+ 88. Kf2 Kg8 89. Ke2 Re3+ 90. Kf2 Ra3 91. Rd5 Bf4
92. Bf6 Be3+ 93. Ke2 Ra2+ 94. Kd3 Rd2+ 95. Ke4 Re2 96. Kf5 Bg5 97. Bxg5 hxg5
98. Kxg5 Re3 99. f4 d3 100. f5 Kf7 101. Kf4 Rh3 102. Rd7+ Ke8 103. Rd4 Kf7 104.
Rd5 Ke7 105. g5 Kf7 106. Kg4 Re3 107. Kf4 Rh3 108. Ke4 Rg3 109. g6+ Kf6 110.
Rd6+ Ke7 111. Rxd3 Rg1 112. Ke5 Re1+ 113. Kf4 Rg1 114. Re3+
1-0

[Event "Eliteserien 2013 - 14"]
[Site "Oslo"]
[Date "2013.11.01"]
[Round "1"]
[White "Getz, Nicolai"]
[Black "Leer-Salvesen, Bjarte"]
[Result "1-0"]
[WhiteElo "2352"]
[BlackElo "2371"]
[PlyCount "167"]
[EventDate "2013.??.??"]

1. e4 e6 2. d4 d5 3. Nc3 Bb4 4. exd5 exd5 5. Bd3 Nc6 6. Nge2 Nge7 7. O-O Bf5 8.
Nf4 Qd7 9. Nce2 O-O-O 10. c3 Bd6 11. b4 h5 12. Bxf5 Qxf5 13. Ng3 Qd7 14. Nfxh5
Rh7 15. Qf3 Rdh8 16. Qxf7 g6 17. Qxh7 Rxh7 18. Nf6 Qd8 19. Nxh7 Nf5 20. Ng5 Qf6
21. Bd2 b6 22. Rae1 Kb7 23. Re6 Qg7 24. Nxf5 gxf5 25. h4 Nd8 26. Rxd6 cxd6 27.
Re1 Qg6 28. b5 Kc8 29. Bf4 Kd7 30. a4 Qh5 31. g3 Qg6 32. Kg2 Qh5 33. f3 Qg6 34.
Kh3 Qh5 35. Re2 Qg6 36. Re3 Qh5 37. g4 fxg4+ 38. fxg4 Qg6 39. h5 Qb1 40. Kh4
Qh1+ 41. Nh3 Ne6 42. Bh6 Qf1 43. Kg3 Qd1 44. g5 Qxa4 45. g6 Qd1 46. Rf3 Qe1+
47. Kg2 Qh4 48. g7 Nxg7 49. Rf7+ Ke8 50. Rxg7 Qxh5 51. Bf4 Qe2+ 52. Nf2 Qxb5
53. Rxa7 Qc6 54. Nd1 Qc4 55. Bxd6 Qd3 56. Nf2 Qxc3 57. Be5 b5 58. Ng4 Kd8 59.
Nf6 Qd3 60. Ra8+ Ke7 61. Nxd5+ Kd7 62. Ra7+ Ke8 63. Ra8+ Kf7 64. Ra7+ Ke8 65.
Nf4 Qe4+ 66. Kf2 b4 67. Ra2 b3 68. Re2 Qf5 69. Ke3 Qb1 70. Nd3 Kf7 71. Rb2 Qd1
72. d5 Ke7 73. Kd4 Qg4+ 74. Bf4 Qd1 75. Kc4 Kf6 76. Be5+ Kf5 77. Rxb3 Qc2+ 78.
Bc3 Ke4 79. Nc5+ Kf5 80. Rb2 Qc1 81. Rf2+ Kg6 82. d6 Qg5 83. d7 Qh4+ 84. Bd4
1-0

[Event "Eliteserien 2013 - 14"]
[Site "Oslo"]
[Date "2013.11.01"]
[Round "1"]
[White "Gudbrandsen, Gustav"]
[Black "Rishovd, Svein"]
[Result "1-0"]
[WhiteElo "2231"]
[BlackElo "2035"]
[PlyCount "57"]
[EventDate "2013.??.??"]

1. e4 c5 2. Nf3 Nc6 3. d4 cxd4 4. Nxd4 Qb6 5. Nb3 Nf6 6. Nc3 e6 7. Be3 Qc7 8.
a3 d6 9. f4 a6 10. Be2 b5 11. Qd2 Be7 12. Bf3 Bb7 13. O-O O-O 14. Rad1 Rfd8 15.
Qf2 Nd7 16. Ne2 Na5 17. Nxa5 Qxa5 18. e5 Bxf3 19. Qxf3 d5 20. Nd4 Rac8 21. f5
Nxe5 22. Qg3 Bd6 23. fxe6 fxe6 24. Nxe6 Ng6 25. Qf3 Rd7 26. Rxd5 Nh4 27. Qf2
Qa4 28. Rxd6 Rxd6 29. Qf7+
1-0

[Event "Eliteserien 2013 - 14"]
[Site "Oslo"]
[Date "2013.11.01"]
[Round "1"]
[White "Guttulsrud, Odd Martin"]
[Black "Sahl, Bjarke"]
[Result "0-1"]
[WhiteElo "2181"]
[BlackElo "2355"]
[PlyCount "98"]
[EventDate "2013.??.??"]

1. e4 c6 2. Nc3 d5 3. Nf3 dxe4 4. Nxe4 Nf6 5. Nxf6+ exf6 6. g3 Bd6 7. Bg2 O-O
8. O-O Qc7 9. d4 Rd8 10. Qe2 Nd7 11. Nd2 Nf8 12. Rd1 Ng6 13. Nc4 Bf8 14. Ne3 f5
15. Qh5 f4 16. Nf5 Be6 17. Be4 Kh8 18. Nh4 Rd5 19. Nxg6+ fxg6 20. Qe2 fxg3 21.
hxg3 Qd7 22. Be3 Rd6 23. c4 Re8 24. Bg2 h5 25. Rd2 Qf7 26. b3 Bg4 27. Qd3 Bf5
28. Qc3 Qf6 29. Bf4 Rde6 30. Be5 Qd8 31. f4 g5 32. Qe3 gxf4 33. gxf4 Qh4 34.
Qf2 Qg4 35. Qf3 Qg6 36. Kh2 c5 37. dxc5 Bxc5 38. Qxb7 Be3 39. Rd7 Rxe5 40. fxe5
Qg4 41. Qf3 Bf4+ 42. Kg1 Bxd7 43. e6 Bxe6 44. Re1 Qxf3 45. Bxf3 Bf7 46. Rd1 Re7
47. Kf2 g5 48. Rh1 h4 49. c5 Be3+
0-1

[Event "Eliteserien 2013 - 14"]
[Site "Oslo"]
[Date "2013.11.01"]
[Round "1"]
[White "Hagen, Anders G"]
[Black "Lahlum, Hans O."]
[Result "0-1"]
[WhiteElo "2117"]
[BlackElo "2182"]
[PlyCount "72"]
[EventDate "2013.??.??"]

1. d4 d5 2. Nf3 e6 3. c4 c6 4. e3 Nf6 5. Bd3 Nbd7 6. O-O dxc4 7. Bxc4 b5 8. Bd3
Bb7 9. e4 a6 10. a4 Be7 11. e5 Nd5 12. Nc3 N7b6 13. Ne4 Nxa4 14. Nfg5 h6 15.
Qh5 g6 16. Qh3 Nb4 17. Nxf7 Kxf7 18. Nd6+ Bxd6 19. Bxg6+ Kxg6 20. Qxe6+ Kg7 21.
Qg4+ Kf8 22. Ra3 c5 23. Rg3 Bxe5 24. dxe5 Qe7 25. Bxh6+ Ke8 26. Bg5 Qf7 27. e6
Qg6 28. b3 Nb6 29. Qf4 N4d5 30. Qd6 Qh7 31. Rh3 Qg7 32. Rxh8+ Qxh8 33. e7 Kf7
34. Re1 Re8 35. Qe6+ Kg7 36. Re3 Qh5
0-1

[Event "Eliteserien 2013 - 14"]
[Site "Oslo"]
[Date "2013.11.01"]
[Round "1"]
[White "Hansen, Torbjørn R."]
[Black "Lie, Espen"]
[Result "0-1"]
[WhiteElo "2444"]
[BlackElo "2471"]
[PlyCount "100"]
[EventDate "2013.??.??"]

1. e4 e5 2. Nf3 Nc6 3. Bb5 a6 4. Ba4 Nf6 5. O-O Be7 6. Re1 b5 7. Bb3 d6 8. c3
O-O 9. h3 Na5 10. Bc2 c5 11. d4 Qc7 12. d5 Bd7 13. b3 Ne8 14. Nbd2 g6 15. Nf1
Ng7 16. Ne3 Nb7 17. Ng4 f6 18. Nh6+ Kh8 19. a4 bxa4 20. bxa4 Na5 21. Nd2 f5 22.
exf5 gxf5 23. Qe2 Bg5 24. Nf3 Bxc1 25. Raxc1 Rf6 26. Qd2 Qd8 27. Qg5 Qf8 28.
Nh4 e4 29. f3 Ne8 30. N6xf5 Bxf5 31. fxe4 Bd7 32. e5 Qh6 33. Qxh6 Rxh6 34. Nf3
Nc7 35. e6 Be8 36. Be4 Nc4 37. Rb1 Bxa4 38. Rb7 Rc8 39. Ng5 Be8 40. Reb1 Rh5
41. Nxh7 Nd2 42. Nf6 Nxb1 43. Nxh5 Nxc3 44. Nf6 c4 45. Kf2 Nxe4+ 46. Nxe4 Nxd5
47. Nxd6 c3 48. Rb1 Bg6 49. Nxc8 Bxb1 50. Ke1 Kg7
0-1

[Event "Eliteserien 2013 - 14"]
[Site "Oslo"]
[Date "2013.11.01"]
[Round "1"]
[White "Hauge, Lars Oskar"]
[Black "Johansen, Terje"]
[Result "1-0"]
[WhiteElo "2179"]
[BlackElo "2265"]
[PlyCount "45"]
[EventDate "2013.??.??"]

1. e4 c6 2. d4 d5 3. e5 Bf5 4. Nc3 e6 5. g4 Bg6 6. Nge2 c5 7. Be3 Nh6 8. h3 Qh4
9. Bg2 Nc6 10. Qd2 Qd8 11. f4 Be7 12. O-O Qb6 13. f5 cxd4 14. Nxd4 Nxd4 15.
Bxd4 Bc5 16. Bxc5 Qxc5+ 17. Kh1 exf5 18. Nxd5 fxg4 19. b4 Qc8 20. Nf6+ gxf6 21.
exf6 Ng8 22. Qd6 Nxf6 23. Rae1+
1-0

[Event "Eliteserien 2013 - 14"]
[Site "Oslo"]
[Date "2013.11.01"]
[Round "1"]
[White "Predojevic, Borki"]
[Black "Houska, Jovanka"]
[Result "1-0"]
[WhiteElo "2600"]
[BlackElo "2400"]
[PlyCount "65"]
[EventDate "2013.??.??"]

1. d4 d5 2. Bf4 c6 3. e3 Qb6 4. b3 Bf5 5. Bd3 Bxd3 6. Qxd3 Nf6 7. Ne2 e6 8. O-O
Nbd7 9. c4 Qa6 10. Rd1 Be7 11. h3 O-O 12. Nbc3 dxc4 13. Qxc4 Qa5 14. a3 Qh5 15.
e4 Nb6 16. Qd3 Rfd8 17. Ng3 Qg6 18. Qf3 Rd7 19. Be3 Rad8 20. a4 Nc8 21. Nce2 e5
22. Nf5 Bc5 23. Neg3 Bxd4 24. Nh4 Bxa1 25. Rxa1 Rd3 26. Nxg6 hxg6 27. Qe2 b6
28. a5 Ne7 29. axb6 axb6 30. Ra8 R3d7 31. Rxd8+ Rxd8 32. Qc4 Rd1+ 33. Kh2
1-0

[Event "Eliteserien 2013 - 14"]
[Site "Oslo"]
[Date "2013.11.01"]
[Round "1"]
[White "Koskela, Niina"]
[Black "Moen, Andreas G.R."]
[Result "0-1"]
[WhiteElo "2211"]
[BlackElo "2390"]
[PlyCount "144"]
[EventDate "2013.??.??"]

1. e4 e5 2. Bc4 Nf6 3. d3 c6 4. Nf3 d5 5. Bb3 Bb4+ 6. Bd2 a5 7. a3 Bxd2+ 8.
Nbxd2 Nbd7 9. O-O O-O 10. Re1 Re8 11. Ba2 Qc7 12. b4 Nf8 13. Qc1 Bg4 14. Qb2
Ng6 15. h3 Bd7 16. d4 exd4 17. exd5 cxd5 18. Rxe8+ Rxe8 19. Qxd4 Nf4 20. Kh1
Ne2 21. Qc5 Qxc5 22. bxc5 Rc8 23. c4 Rxc5 24. cxd5 Rc1+ 25. Rxc1 Nxc1 26. Bb1
Nxd5 27. Nc4 a4 28. Be4 Bc6 29. Bxd5 Bxd5 30. Nb6 Bb3 31. Ne5 Ne2 32. Ned7 Nd4
33. Nc5 Ne6 34. Nbxa4 Bxa4 35. Nxa4 Kf8 36. Kg1 Ke7 37. Kf1 Kd6 38. Ke2 Nd4+
39. Kd3 Nb5 40. Nc3 Nxa3 41. Ne4+ Kd7 42. Kd4 Nc2+ 43. Kc5 f5 44. Nd6 b6+ 45.
Kd5 Nb4+ 46. Ke5 Nd3+ 47. Kd5 g6 48. g4 Nf4+ 49. Ke5 Nd3+ 50. Kd5 fxg4 51. hxg4
Nxf2 52. g5 b5 53. Nxb5 Nh3 54. Ke5 Ke7 55. Nc3 Nxg5 56. Nd5+ Kf7 57. Kf4 Ne6+
58. Kg4 h6 59. Kh4 h5 60. Nc3 Kg7 61. Ne2 Kh6 62. Ng3 g5+ 63. Kh3 Nf4+ 64. Kh2
g4 65. Nf5+ Kg5 66. Ne3 h4 67. Nf1 Ne2 68. Ne3 Nf4 69. Nf1 Kh5 70. Ne3 g3+ 71.
Kg1 h3 72. Kh1 Ne2
0-1

[Event "Eliteserien 2013 - 14"]
[Site "Oslo"]
[Date "2013.11.01"]
[Round "1"]
[White "Lie, Kjetil A."]
[Black "Urkedal, Frode Olav Olsen"]
[Result "0-1"]
[WhiteElo "2532"]
[BlackElo "2469"]
[PlyCount "74"]
[EventDate "2013.??.??"]

1. e4 c5 2. Nc3 Nc6 3. f4 g6 4. Nf3 Bg7 5. a3 d6 6. Bb5 Bd7 7. O-O Nf6 8. d3
O-O 9. Kh1 a6 10. Bxc6 Bxc6 11. Qe1 e6 12. Bd2 b5 13. Qh4 Nh5 14. Qf2 f5 15.
exf5 exf5 16. Rae1 Qd7 17. Nd1 a5 18. Bc3 Bh6 19. b4 cxb4 20. axb4 axb4 21. Bb2
Ra4 22. Nd4 Nxf4 23. Nxc6 Qxc6 24. Qd2 g5 25. Re7 Ng6 26. Re6 f4 27. Nf2 Qd5
28. Re4 Bg7 29. Bxg7 Kxg7 30. Rxb4 f3 31. g3 Rxb4 32. Qxb4 Ne5 33. Ne4 Rc8 34.
Qd2 h6 35. h4 Qe6 36. Kh2 Ng4+ 37. Kg1 d5
0-1

[Event "Eliteserien 2013 - 14"]
[Site "Oslo"]
[Date "2013.11.01"]
[Round "1"]
[White "Manne, Per Erik"]
[Black "Sahl, Sheila Barth"]
[Result "1/2-1/2"]
[WhiteElo "2244"]
[BlackElo "2243"]
[PlyCount "76"]
[EventDate "2013.??.??"]

1. e4 c5 2. Nf3 d6 3. d4 cxd4 4. Nxd4 Nf6 5. Nc3 a6 6. g3 e5 7. Nde2 h6 8. Bg2
Be7 9. O-O b5 10. h3 Bb7 11. a3 Nbd7 12. g4 Nc5 13. Ng3 g6 14. f4 h5 15. g5
Nfd7 16. f5 h4 17. Nh1 gxf5 18. Rxf5 Ne6 19. Qg4 Ndf8 20. Be3 Ng6 21. Nd5 Bxd5
22. exd5 Nef4 23. Nf2 Qc7 24. Be4 Rf8 25. Nd3 Qxc2 26. Rxf4 exf4 27. Rc1 Qa4
28. Rc8+ Rxc8 29. Qxc8+ Bd8 30. Qc6+ Ke7 31. Bf5 Qd1+ 32. Kh2 Qe2+ 33. Bf2 Ne5
34. Nxe5 Qxf2+ 35. Kh1 Qf1+ 36. Kh2 Qf2+ 37. Kh1 Qf1+ 38. Kh2 Qf2+
1/2-1/2

[Event "Eliteserien 2013 - 14"]
[Site "Oslo"]
[Date "2013.11.01"]
[Round "1"]
[White "Merkesvik, Sondre"]
[Black "Vea, Odin Blikra"]
[Result "1/2-1/2"]
[WhiteElo "1917"]
[BlackElo "2233"]
[PlyCount "88"]
[EventDate "2013.??.??"]

1. Nf3 Nf6 2. d4 g6 3. g3 Bg7 4. Bg2 O-O 5. O-O d6 6. c4 Nc6 7. b3 e5 8. Bb2 e4
9. Nfd2 Re8 10. Nc3 Nxd4 11. Ndxe4 Nxe4 12. Nxe4 Nf3+ 13. exf3 Bxb2 14. Rb1 Bg7
15. f4 Bf5 16. Re1 Qd7 17. Qd2 b5 18. cxb5 Qxb5 19. Rbc1 Rac8 20. Nc3 Qa5 21.
Bb7 Rb8 22. Bc6 Rf8 23. Re3 Rb6 24. Bf3 Be6 25. h4 d5 26. Rd3 c6 27. Na4 Qxd2
28. Rxd2 Ra6 29. Be2 Rxa4 30. bxa4 Bd7 31. Rb1 a5 32. Rb7 Rd8 33. Rc2 Bd4 34.
Kg2 c5 35. Bb5 Bf5 36. Re2 Be6 37. f3 Bc3 38. Rc2 d4 39. Rc7 Bf5 40. Rc1 Bb4
41. g4 Be6 42. Bd3 Bxa2 43. R1xc5 Bxc5 44. Rxc5 Rd5
1/2-1/2

[Event "Eliteserien 2013 - 14"]
[Site "Oslo"]
[Date "2013.11.01"]
[Round "1"]
[White "Nordahl, Helge"]
[Black "Stigar, Petter"]
[Result "1-0"]
[WhiteElo "2340"]
[BlackElo "2290"]
[PlyCount "65"]
[EventDate "2013.??.??"]

1. d4 d5 2. c4 e6 3. Nc3 Nf6 4. Bg5 Be7 5. e3 h6 6. Bh4 O-O 7. Nf3 Ne4 8. Bxe7
Qxe7 9. Qc2 Nxc3 10. bxc3 c5 11. h3 Nc6 12. cxd5 exd5 13. Be2 Be6 14. O-O Rac8
15. Qa4 Rc7 16. Rfd1 Rfc8 17. Ne1 c4 18. Qc2 b5 19. e4 Qd7 20. exd5 Bxd5 21.
Bg4 Qd6 22. Bxc8 Rxc8 23. Nf3 Bxf3 24. gxf3 Ne7 25. d5 Ng6 26. Qf5 Rd8 27. Rd4
Ne5 28. Re1 Nd3 29. Re3 Qa3 30. Rde4 Rf8 31. Re8 Qa6 32. Rxf8+ Kxf8 33. Qh7
1-0

[Event "Eliteserien 2013 - 14"]
[Site "Oslo"]
[Date "2013.11.01"]
[Round "1"]
[White "Stokke, Kjetil"]
[Black "Sedlak, Nikola"]
[Result "0-1"]
[WhiteElo "2403"]
[BlackElo "2572"]
[PlyCount "72"]
[EventDate "2013.??.??"]

1. d4 Nf6 2. c4 g6 3. g3 Bg7 4. Bg2 O-O 5. Nf3 d6 6. O-O c6 7. Nc3 Qb6 8. b3 e5
9. Bb2 e4 10. Nd2 d5 11. e3 Bg4 12. Qc2 Na6 13. Ba3 Nb4 14. Bxb4 Qxb4 15. c5 h5
16. a4 Qa5 17. b4 Qc7 18. b5 h4 19. a5 a6 20. bxc6 bxc6 21. Rfb1 hxg3 22. hxg3
Nh7 23. Rb6 Ng5 24. Rab1 Qd7 25. Rb7 Qe6 26. Ncxe4 dxe4 27. Nxe4 Qf5 28. R1b2
Nf3+ 29. Kf1 Qh5 30. Nd2 Ng5 31. Kg1 Nh3+ 32. Kf1 Bxd4 33. exd4 Be2+ 34. Ke1
Rae8 35. Be4 Bf3 36. R2b3 Ng5
0-1

[Event "Eliteserien 2013 - 14"]
[Site "Oslo"]
[Date "2013.11.01"]
[Round "2"]
[White "Aulin-Jansson, Jøran"]
[Black "Manne, Per Erik"]
[Result "1-0"]
[WhiteElo "2232"]
[BlackElo "2244"]
[PlyCount "53"]
[EventDate "2013.??.??"]

1. e4 Nf6 2. Nc3 d5 3. e5 Nfd7 4. Nxd5 Nxe5 5. Ne3 c5 6. b3 g6 7. Bb2 Bg7 8.
Nc4 f6 9. Nxe5 fxe5 10. Nf3 Bg4 11. h3 Bxf3 12. gxf3 O-O 13. Bc4+ Kh8 14. Qe2
Nc6 15. O-O-O Rf4 16. h4 Nd4 17. Bxd4 Qxd4 18. c3 Qd6 19. Rdg1 Rd8 20. h5 gxh5
21. Rxh5 a6 22. Rhg5 Rxc4 23. Qxc4 Qxd2+ 24. Kb1 b5 25. Qe4 Bf6 26. Qxh7+ Kxh7
27. Rh1#
1-0